Zes dichtstbijzijnde hoofdsteden: Athene - Statistieken

Algemene statistieken
  • Deze quiz is 25 keer genomen
  • De gemiddelde score is 4 van 6
Antwoordstatistieken
km hoofdstad % Correct
490 Skopje
91%
502 Tirana
91%
527 Sofia
68%
626 Podgorica
50%
565 Pristina
41%
745 Boekarest
27%
Geen overeenkomende quizzen gevonden
Scoreverdeling
Procent van Mensen met Elke Score
Percentiel versus Aantal Correcte Antwoorden
Uw Scoregeschiedenis
U heeft deze quiz nog niet genomen